000
00269nam a22001217a 4500
008
180803b xxu||||| |||| 00| 0 eng d
082
_a
813.52
245
_a
Audio-Digest PEDIATRICS
_c
CME
260
_c
2007
300
_a
12
_f
CD
440
_x
02711346
942
_2
ddc
_c
MX
999
_c
46755
_d
46755